MARC details
| 000 -CABECERA |
| campo de control de longitud fija |
03021nam a2200457 a 4500 |
| 003 - IDENTIFICADOR DEL NÚMERO DE CONTROL |
| campo de control |
CHAP |
| 005 - FECHA Y HORA DE LA ÚLTIMA TRANSACCIÓN |
| campo de control |
20240520125926.0 |
| 007 - CAMPO FIJO DE DESCRIPCIÓN FÍSICA--INFORMACIÓN GENERAL |
| campo de control de longitud fija |
ta |
| 008 - DATOS DE LONGITUD FIJA--INFORMACIÓN GENERAL |
| campo de control de longitud fija |
220809s2020 mx eodbfr|||| 001 0 spa d |
| 040 ## - FUENTE DE LA CATALOGACIÓN |
| Centro catalogador/agencia de origen |
mxchpua |
| 090 ## - LOCALMENTE ASIGNADO TIPO-LC NÚMERO DE CLASIFICACIÓN (OCLC); NÚMERO DE CLASIFICACIÓN LOCAL (RLIN) |
| Número de clasificación (OCLC) (R) ; Numero de clasificación, CALL (RLIN) (NR) |
T.C.846 |
| Número cutter local (OCLC) ; Número de libro/Signatura topográfica íntegra, CALL (RLIN) |
S99 EIUPA |
| Año |
2020 |
| 245 10 - MENCIÓN DE TÍTULO |
| Título |
Empresa Rancho El Mogor / |
| Mención de responsabilidad, etc. |
coordinadores Rosa Guadalupe Szymaski Duque y Emmanuel Flores Girón ; colaboradores Beatriz Adriana Chávez Covarrubias...[et al.] |
| 260 ## - PUBLICACIÓN, DISTRIBUCIÓN, ETC. |
| Lugar de publicación, distribución, etc. |
Chapingo, México : |
| Nombre del editor, distribuidor, etc. |
El autor, |
| Fecha de publicación, distribución, etc. |
2020 |
| 300 ## - DESCRIPCIÓN FÍSICA |
| Extensión |
144 hojas : |
| Otras características físicas |
ilustraciones, mapas. gráficas, diagramas, tablas, fotos, planos + |
| Material acompañante/anejo |
1 CD-ROM |
| 336 ## - TIPO DE CONTENIDO |
| Fuente |
rdacontent |
| Término de tipo de contenido |
texto |
| Código de tipo de contenido |
txt |
| 337 ## - TIPO DE MEDIO |
| Fuente |
rdamedia |
| Nombre/término del tipo de medio |
mo mediado |
| Código del tipo de medio |
n |
| 338 ## - TIPO DE SOPORTE |
| Fuente |
rdacarrier |
| Nombre/término del tipo de soporte |
volumen |
| Código del tipo de soporte |
nc |
| 500 ## - NOTA GENERAL |
| Nota general |
Grado 7° Grupo 3 |
| 502 ## - NOTA DE TESIS |
| Nota de tesis |
Viaje de Estudios |
| Tipo de título |
(EIUPA) -- |
| Nombre de la institución que otorga el título |
UACh. Departamento de Ingeniería Agroindustrial, |
| Año de obtención del título |
2020 |
| 504 ## - NOTA DE BIBLIOGRAFÍA, ETC. |
| Nota de bibliografía, etc. |
Bibliografía: h. 117-120 |
| 505 0# - NOTA DE CONTENIDO CON FORMATO |
| Nota de contenido con formato |
Planos --<br/>1. Planos Vino --<br/>a) Plano de Distribución de áreas del proceso de elaboración de vino (Esc. 1:45) --<br/>b) Plano de Distribución de equipos para el proceso de elaboración de vino (Esc. 1:45) --<br/>c) Plano de Distribución de equipos para el proceso de elaboración de vino (Propuesta) (Esc. 1:45) --<br/>d) Plano de Diagrama del proceso de elaboración de vino (Esc. 1:45) --<br/>e) Plano de Diagrama de recorrido del proceso de elaboración de vino (Propuesta) (Esc. 1:50) --<br/>2. Planos Borregos para carne --<br/>a) Plano del área productiva (Esc. 1:2250) --<br/>b) Plano de Distribución de áreas de establo (Esc. 1:50) --<br/>c) Plano de Distribución de áreas de sacrificio (Esc. 1:15) --<br/>d) Plano de Distribución de áreas de bodega (Esc. 1:40) --<br/>e) Plano de Distribución de áreas de proceso de sacrificio (Propuesta) (Esc. 1:40) |
| 650 13 - PUNTO DE ACCESO ADICIONAL DE MATERIA--TÉRMINO DE MATERIA |
| Término de materia o nombre geográfico como elemento de entrada |
Industria del vino |
| Subdivisión geográfica |
México |
| -- |
Baja California |
| 650 13 - PUNTO DE ACCESO ADICIONAL DE MATERIA--TÉRMINO DE MATERIA |
| Término de materia o nombre geográfico como elemento de entrada |
Cultivares de vino |
| Subdivisión general |
Calidad de los cultivos |
| Subdivisión geográfica |
México |
| -- |
Baja California |
| 650 13 - PUNTO DE ACCESO ADICIONAL DE MATERIA--TÉRMINO DE MATERIA |
| 9 (RLIN) |
156221 |
| Término de materia o nombre geográfico como elemento de entrada |
Calidad del vino |
| 650 13 - PUNTO DE ACCESO ADICIONAL DE MATERIA--TÉRMINO DE MATERIA |
| Término de materia o nombre geográfico como elemento de entrada |
Vinos |
| Subdivisión general |
Organización industrial y estructura de mercado |
| 650 13 - PUNTO DE ACCESO ADICIONAL DE MATERIA--TÉRMINO DE MATERIA |
| Término de materia o nombre geográfico como elemento de entrada |
Ganado de carne |
| Subdivisión geográfica |
México |
| -- |
Baja California |
| 650 13 - PUNTO DE ACCESO ADICIONAL DE MATERIA--TÉRMINO DE MATERIA |
| 9 (RLIN) |
185393 |
| Término de materia o nombre geográfico como elemento de entrada |
Raza de oveja Dorper |
| 650 13 - PUNTO DE ACCESO ADICIONAL DE MATERIA--TÉRMINO DE MATERIA |
| 9 (RLIN) |
161153 |
| Término de materia o nombre geográfico como elemento de entrada |
Ganadería de rancho |
| 650 13 - PUNTO DE ACCESO ADICIONAL DE MATERIA--TÉRMINO DE MATERIA |
| Término de materia o nombre geográfico como elemento de entrada |
Wine industry |
| Subdivisión geográfica |
Mexico |
| -- |
Baja California |
| 650 13 - PUNTO DE ACCESO ADICIONAL DE MATERIA--TÉRMINO DE MATERIA |
| Término de materia o nombre geográfico como elemento de entrada |
Wine cultivars |
| Subdivisión general |
Crop quality |
| Subdivisión geográfica |
Mexico |
| -- |
Baja California |
| 650 13 - PUNTO DE ACCESO ADICIONAL DE MATERIA--TÉRMINO DE MATERIA |
| 9 (RLIN) |
156223 |
| Término de materia o nombre geográfico como elemento de entrada |
Wine quality |
| 650 13 - PUNTO DE ACCESO ADICIONAL DE MATERIA--TÉRMINO DE MATERIA |
| Término de materia o nombre geográfico como elemento de entrada |
Wines |
| Subdivisión general |
Industrial organization and market structure |
| 650 13 - PUNTO DE ACCESO ADICIONAL DE MATERIA--TÉRMINO DE MATERIA |
| Término de materia o nombre geográfico como elemento de entrada |
Beef cattle |
| Subdivisión geográfica |
Mexico |
| -- |
Baja California |
| 650 13 - PUNTO DE ACCESO ADICIONAL DE MATERIA--TÉRMINO DE MATERIA |
| 9 (RLIN) |
161156 |
| Término de materia o nombre geográfico como elemento de entrada |
Ranching |
| 700 1# - PUNTO DE ACCESO ADICIONAL--NOMBRE DE PERSONA |
| Nombre de persona |
Szymanski Duque, Rosa Guadalupe |
| Término indicativo de función/relación |
coordinadora |
| 700 1# - PUNTO DE ACCESO ADICIONAL--NOMBRE DE PERSONA |
| Nombre de persona |
Flores Girón, Emmanuel |
| Término indicativo de función/relación |
coordinador |
| 9 (RLIN) |
41560 |
| 700 1# - PUNTO DE ACCESO ADICIONAL--NOMBRE DE PERSONA |
| 9 (RLIN) |
185309 |
| Nombre de persona |
Chávez Covarrubias, Beatriz Adriana |
| Término indicativo de función/relación |
colaboradora |
| 856 41 - LOCALIZACIÓN Y ACCESO ELECTRÓNICOS |
| Identificador Uniforme del Recurso |
<a href="http://10.13.5.2/ve/T_C_846_EIUPA/T_C_846_EIUPA_2020_PLANO_DIAGRAMAS_Y_PLANOS_1.pdf">http://10.13.5.2/ve/T_C_846_EIUPA/T_C_846_EIUPA_2020_PLANO_DIAGRAMAS_Y_PLANOS_1.pdf</a> |
| Texto de enlace |
DESCARGAR PLANOS VINO |
| 856 41 - LOCALIZACIÓN Y ACCESO ELECTRÓNICOS |
| Identificador Uniforme del Recurso |
<a href="http://10.13.5.2/ve/T_C_846_EIUPA/T_C_846_EIUPA_2020_PLANO_DIAGRAMA_Y_PLANOS_2.pdf">http://10.13.5.2/ve/T_C_846_EIUPA/T_C_846_EIUPA_2020_PLANO_DIAGRAMA_Y_PLANOS_2.pdf</a> |
| Texto de enlace |
DESCARGAR PLANOS BORREGOS PARA CARNE |
| 856 41 - LOCALIZACIÓN Y ACCESO ELECTRÓNICOS |
| Identificador Uniforme del Recurso |
<a href="http://10.13.5.2/ve/T_C_846_EIUPA/T_C_846_EIUPA_2020_REPORTE.pdf">http://10.13.5.2/ve/T_C_846_EIUPA/T_C_846_EIUPA_2020_REPORTE.pdf</a> |
| Texto de enlace |
DESCARGAR REPORTE |